000 00346nam a22001457a 4500
008 221013b ||||| |||| 00| 0 eng d
020 _a9780323035064
041 _aeng
080 _2SECOND EDITION
_a616.053
082 _a616.053 GAR
100 _a14.2
101 _aPEDI
245 _aPEDIATRIC CLINICAL ADVISOR
_cGARFUNKEL
942 _2udc
_cBK
999 _c58548
_d58548